Ύμνος εις τον Montesquieu

Saved in:
Bibliographic Details
Main Author: Χουβαρδάς, Γεώργιος Αλ
Format: Book
Language:Greek
Published: Αθήναι : [χ.ό.], 1992.
Subjects:
Tags: Add Tag
No Tags, Be the first to tag this record!

MARC

LEADER 00000cam a2200000 a 4500
001 1/124561
008 220322s1992####gr ||||||| |||| ||gre||
040 |a GR-MyUa  |b gre  |c GR-MyUa  |e AACR2 
041 0 |a gre 
082 7 |a 320.092  |2 (23) 
100 1 |a Χουβαρδάς, Γεώργιος Αλ. 
245 1 0 |a Ύμνος εις τον Montesquieu /   |c Γεωργίου Αλ. Χουβαρδά.  
260 |a Αθήναι :   |b [χ.ό.],   |c 1992.  
300 |a 314 σ. ;   |c 24 εκ.  
600 1 0 |a Montesquieu, Charles de Secondat,   |c baron de,   |d 1689-1755. 
650 0 |a Law  |x Philosophy. 
650 0 |a Political science 
852 |a INST  |b LESVOS  |e 20220322  |h 320.092 ΧΟΥ  |p 005100064367  |q 005100064367  |t BK  |y 0 
970 |a Δημάκη  |b Μαρία  |z 22-03-2022